Avanti West Coast Stations Quiz - Statistics

General Stats
  • This quiz has been taken 33 times
    10 since last reset
  • The average score is 37 of 48
Answer Stats
Answer % Correct
London Euston
100%
Rugby
100%
Birmingham International
89%
Birmingham New Street
89%
Blackpool North
89%
Carlisle
89%
Chester
89%
Crewe
89%
Edinburgh Waverley
89%
Glasgow Central
89%
Haymarket
89%
Holyhead
89%
Liverpool Lime Street
89%
Manchester Piccadilly
89%
Milton Keynes Central
89%
Preston
89%
Stafford
89%
Stoke-on-Trent
89%
Warrington Bank Quay
89%
Watford Junction
89%
Wigan North Western
89%
Coventry
78%
Lancaster
78%
Liverpool South Parkway
78%
Llandudno Junction
78%
Motherwell
78%
Penrith North Lakes
78%
Runcorn
78%
Sandwell & Dudley
78%
Stockport
78%
Tamworth
78%
Wilmslow
78%
Wrexham General
78%
Flint
67%
Lichfield Trent Valley
67%
Lockerbie
67%
Macclesfield
67%
Northampton
67%
Oxenholme Lake District
67%
Rhyl
67%
Wolverhampton
67%
Bangor
56%
Colwyn Bay
56%
Nuneaton
56%
Prestatyn
56%
Hartford
44%
Kirkham & Wesham
44%
Poulton-le-Flyde
11%
No matching quizzes found
Score Distribution
Percent of People with Each Score
Percentile by Number Answered
Your Score History
You have not taken this quiz since the last reset